| 000 | 00383 a2200145 4500 | ||
|---|---|---|---|
| 005 | 20250524093324.0 | ||
| 020 | _a0-7121-1748-2 | ||
| 082 | _a658.72 LYS | ||
| 100 | _aLYSONS, C. K. | ||
| 245 | _aThe M & E Handbook Series : Purchasing. | ||
| 250 | _a2rd Ed | ||
| 260 |
_aLondon, _bLongman Group, _c1989. |
||
| 300 |
_aviii, 292p.: ill.; figure, table _bIndex _c17cm. |
||
| 942 |
_2ddc _cBKS |
||
| 999 |
_c2604 _d2604 |
||